[Event "Speed Chess (Women) Q2"]
[Site "Chess.com INT"]
[Date "2022.05.26"]
[Round "12"]
[White "Vine, Elzbieta"]
[Black "February, Jesse Nikki"]
[Result "0-1"]
[WhiteElo "2084"]
[BlackElo "1890"]
[PlyCount "20"]
[EventDate "2022.05.26"]
[EventType "swiss (blitz)"]
[EventRounds "14"]
[EventCountry "USA"]
[SourceTitle "CBM 208 Extra"]
[Source "ChessBase"]
[SourceDate "2022.07.31"]
[SourceVersion "1"]
[SourceVersionDate "2022.07.31"]
[SourceQuality "1"]

1. e3 e6 2. d4 d5 3. Nf3 Bd6 4. Bb5+ c6 5. Bd3 Nf6 6. 0-0 0-0 7. c4 dxc4 8. Bxc4 Nbd7 9. Nc3 a6 10. Bd3 e5 0-1

[Event "Speed Chess (Women) Q2"]
[Site "Chess.com INT"]
[Date "2022.05.26"]
[Round "5"]
[White "Vine, Elzbieta"]
[Black "Lopez Sanchez, Anastacia Antonia"]
[Result "0-1"]
[WhiteElo "2084"]
[BlackElo "1775"]
[PlyCount "54"]
[EventDate "2022.05.26"]
[EventType "swiss (blitz)"]
[EventRounds "14"]
[EventCountry "USA"]
[SourceTitle "CBM 208 Extra"]
[Source "ChessBase"]
[SourceDate "2022.07.31"]
[SourceVersion "1"]
[SourceVersionDate "2022.07.31"]
[SourceQuality "1"]

1. e4 c5 2. Nc3 Nc6 3. f4 g6 4. Nf3 Bg7 5. Bc4 e6 6. 0-0 Nge7 7. d3 d5 8. Bb3 0-0 9. Qe1 a6 10. a3 b5 11. Qh4 c4 12. Ba2 Nd4 13. f5 Nxf3+ 14. Rxf3 exf5 15. Bh6 fxe4 16. Rh3 Bxh3 17. Qxh3 Nf5 18. Bxg7 Nxg7 19. dxe4 dxe4 20. Rd1 Qb6+ 21. Kh1 Rad8 22. Re1 Rfe8 23. Nxe4 Qe6 24. Qxe6 Rxe6 25. h3 Rde8 26. Nf6+ Rxf6 27. Rxe8+ Nxe8 0-1

[Event "London ECF (Women)"]
[Site "London"]
[Date "2022.04.10"]
[Round "8"]
[White "Zhu, Yao Yao"]
[Black "Vine, Elzbieta"]
[Result "0-1"]
[WhiteElo "1880"]
[BlackElo "2138"]
[PlyCount "44"]
[EventDate "2022.04.07"]
[EventType "tourn"]
[EventRounds "9"]
[EventCountry "ENG"]
[SourceTitle "CBM 207 Extra"]
[Source "ChessBase"]
[SourceDate "2022.05.31"]
[SourceVersion "1"]
[SourceVersionDate "2022.05.31"]
[SourceQuality "1"]

1. e4 c5 2. Nc3 Nc6 3. Bb5 a6 4. Bxc6 dxc6 5. d3 e5 6. Nge2 Bd6 7. 0-0 Bg4 8. f3 Be6 9. f4 Qc7 10. Be3 Nf6 11. h3 0-0-0 12. Na4 exf4 13. Nxf4 h5 14. Qe1 Ng4 15. Nxc5 g5 16. Ncxe6 fxe6 17. Nxe6 Qe7 18. Nxg5 Nxe3 19. Nf7 Nxf1 20. Nxh8 Ne3 21. Ng6 Qg5 22. Qe2 Bc5 0-1

[Event "Titled Tuesday intern op 22 Mar Late"]
[Site "Chess.com INT"]
[Date "2022.03.22"]
[Round "2"]
[White "Fiol, Fabrice"]
[Black "Vine, Elzbieta"]
[Result "1-0"]
[WhiteElo "2271"]
[BlackElo "2138"]
[PlyCount "63"]
[EventDate "2022.03.22"]
[EventType "swiss (blitz)"]
[EventRounds "11"]
[EventCountry "USA"]
[SourceTitle "CBM 207 Extra"]
[Source "ChessBase"]
[SourceDate "2022.05.31"]
[SourceVersion "1"]
[SourceVersionDate "2022.05.31"]
[SourceQuality "1"]

1. e4 c5 2. Nf3 d6 3. Bb5+ Nc6 4. 0-0 Bg4 5. h3 Bh5 6. c3 Nf6 7. Re1 e6 8. d3 Be7 9. Nbd2 0-0 10. Nf1 Ne5 11. g4 Nxf3+ 12. Qxf3 Bg6 13. Ng3 a6 14. Ba4 b5 15. Bc2 d5 16. e5 Nd7 17. Qg2 Qc7 18. f4 h6 19. f5 exf5 20. gxf5 Bh7 21. Bf4 Qb6 22. e6 Nf6 23. exf7+ Rxf7 24. Re6 Qd8 25. Rae1 Kf8 26. Be5 Nd7 27. d4 Nxe5 28. dxe5 d4 29. Be4 Rc8 30. Kh1 dxc3 31. bxc3 b4 32. f6 1-0

[Event "Titled Tuesday intern op 15 Mar Late"]
[Site "Chess.com INT"]
[Date "2022.03.15"]
[Round "7"]
[White "Klukin, Kirill"]
[Black "Vine, Elzbieta"]
[Result "1-0"]
[WhiteElo "2420"]
[BlackElo "2138"]
[PlyCount "39"]
[EventDate "2022.03.15"]
[EventType "swiss (blitz)"]
[EventRounds "11"]
[EventCountry "USA"]
[SourceTitle "CBM 207 Extra"]
[Source "ChessBase"]
[SourceDate "2022.05.31"]
[SourceVersion "1"]
[SourceVersionDate "2022.05.31"]
[SourceQuality "1"]

1. e4 c5 2. Nf3 e6 3. c3 Nc6 4. d4 cxd4 5. cxd4 d5 6. e5 Nge7 7. Nc3 Nf5 8. g4 Nh4 9. Be3 Nxf3+ 10. Qxf3 Qb6 11. Bb5 a6 12. Bxc6+ bxc6 13. Qe2 Rb8 14. b3 Bb4 15. Rc1 0-0 16. 0-0 Qa5 17. Na4 c5 18. Nxc5 Bxc5 19. Rxc5 Bd7 20. Rxa5 1-0

[Event "Titled Tuesday intern op 15 Mar Late"]
[Site "Chess.com INT"]
[Date "2022.03.15"]
[Round "3"]
[White "Vine, Elzbieta"]
[Black "Federzoni, Enzo"]
[Result "0-1"]
[WhiteElo "2138"]
[BlackElo "2162"]
[PlyCount "52"]
[EventDate "2022.03.15"]
[EventType "swiss (blitz)"]
[EventRounds "11"]
[EventCountry "USA"]
[SourceTitle "CBM 207 Extra"]
[Source "ChessBase"]
[SourceDate "2022.05.31"]
[SourceVersion "1"]
[SourceVersionDate "2022.05.31"]
[SourceQuality "1"]

1. e4 c5 2. Nf3 e6 3. d4 cxd4 4. Nxd4 Nf6 5. Nc3 d6 6. Be3 a6 7. g4 e5 8. Nf5 g6 9. Ng3 Nxg4 10. Qd2 Nxe3 11. Qxe3 h5 12. f4 Bh6 13. Nce2 exf4 14. Nxf4 Qa5+ 15. c3 Qe5 16. Nge2 Bg4 17. Qg3 Bxe2 18. Nxe2 Qxe4 19. Bg2 Qe3 20. Rd1 Nc6 21. Qxd6 Qe6 22. Bxc6+ bxc6 23. Qd4 0-0 24. Qd6 Qh3 25. Qxc6 Rfe8 26. Rd2 Bxd2+ 0-1

[Event "Titled Tuesday intern op 15 Mar Late"]
[Site "Chess.com INT"]
[Date "2022.03.15"]
[Round "6"]
[White "Vine, Elzbieta"]
[Black "Petrova, Irina"]
[Result "0-1"]
[WhiteElo "2138"]
[BlackElo "2127"]
[PlyCount "44"]
[EventDate "2022.03.15"]
[EventType "swiss (blitz)"]
[EventRounds "11"]
[EventCountry "USA"]
[SourceTitle "CBM 207 Extra"]
[Source "ChessBase"]
[SourceDate "2022.05.31"]
[SourceVersion "1"]
[SourceVersionDate "2022.05.31"]
[SourceQuality "1"]

1. e4 d6 2. d4 Nf6 3. Nc3 e5 4. d5 Be7 5. Nf3 c6 6. Bc4 0-0 7. 0-0 h6 8. Re1 b5 9. Bb3 b4 10. Ne2 c5 11. Ng3 a5 12. c4 Re8 13. h3 Nbd7 14. Be3 Nf8 15. a4 Ng6 16. Qd2 Bd7 17. Nf5 Nxe4 18. Nxe7+ Qxe7 19. Qe2 f5 20. Qc2 Ng5 21. Qe2 Qf6 22. Bc2 e4 0-1

[Event "Titled Tuesday intern op 08th Mar Late"]
[Site "Chess.com INT"]
[Date "2022.03.08"]
[Round "9"]
[White "Vine, Elzbieta"]
[Black "Cupid, Kevin"]
[Result "0-1"]
[WhiteElo "2138"]
[BlackElo "2154"]
[PlyCount "72"]
[EventDate "2022.03.08"]
[EventType "swiss (blitz)"]
[EventRounds "11"]
[EventCountry "USA"]
[SourceTitle "CBM 207 Extra"]
[Source "ChessBase"]
[SourceDate "2022.05.31"]
[SourceVersion "1"]
[SourceVersionDate "2022.05.31"]
[SourceQuality "1"]

1. e4 c6 2. d4 d5 3. exd5 cxd5 4. Bd3 Nf6 5. h3 Nc6 6. Nf3 g6 7. 0-0 Bg7 8. c3 0-0 9. Bg5 h6 10. Bf4 Be6 11. Nbd2 Rc8 12. Re1 Qd7 13. Ne5 Nxe5 14. Bxe5 Bf5 15. Nf3 a6 16. Bf4 Ne4 17. Ne5 Qe8 18. f3 Nd6 19. Nxg6 Bxg6 20. Bxd6 Bf6 21. Bf4 Kh7 22. Bxg6+ fxg6 23. Qd2 g5 24. Be5 Qd7 25. Qd3+ Kg7 26. Bxf6+ exf6 27. Re2 Rf7 28. Rae1 Rc7 29. Re8 Rc6 30. Rb8 Rc8 31. Rxc8 Qxc8 32. Qe2 Qd7 33. Qe8 Qd6 34. Kf2 h5 35. Qc8 h4 36. Re8 Qg3+ 0-1

[Event "Titled Tuesday intern op 08th Mar Late"]
[Site "Chess.com INT"]
[Date "2022.03.08"]
[Round "6"]
[White "Vine, Elzbieta"]
[Black "Sanchez, Roberto Daniel"]
[Result "0-1"]
[WhiteElo "2138"]
[BlackElo "1989"]
[PlyCount "56"]
[EventDate "2022.03.08"]
[EventType "swiss (blitz)"]
[EventRounds "11"]
[EventCountry "USA"]
[SourceTitle "CBM 207 Extra"]
[Source "ChessBase"]
[SourceDate "2022.05.31"]
[SourceVersion "1"]
[SourceVersionDate "2022.05.31"]
[SourceQuality "1"]

1. e4 e6 2. d4 d5 3. exd5 exd5 4. Bd3 Nf6 5. h3 c5 6. c3 Nc6 7. Nf3 Be7 8. 0-0 0-0 9. Bg5 cxd4 10. cxd4 h6 11. Be3 Be6 12. Nc3 Qb6 13. Qc1 Rfc8 14. Bxh6 gxh6 15. Qxh6 Qd8 16. Ng5 Bd6 17. Bh7+ Nxh7 18. Qxh7+ Kf8 19. Qh8+ Ke7 20. Qh4 Kd7 21. f4 Nxd4 22. f5 Nxf5 23. Rxf5 Bxf5 24. Nxd5 Be6 25. Qa4+ Rc6 26. Nxe6 fxe6 27. Nb4 Bxb4 28. Qxb4 Qb6+ 0-1

[Event "Titled Tuesday intern op 01st Mar Late"]
[Site "Chess.com INT"]
[Date "2022.03.01"]
[Round "9"]
[White "Vine, Elzbieta"]
[Black "Vargas Pereda, Jesus Manuel"]
[Result "0-1"]
[WhiteElo "2138"]
[BlackElo "2006"]
[PlyCount "52"]
[EventDate "2022.03.01"]
[EventType "swiss (blitz)"]
[EventRounds "11"]
[EventCountry "USA"]
[SourceTitle "CBM 207 Extra"]
[Source "ChessBase"]
[SourceDate "2022.05.31"]
[SourceVersion "1"]
[SourceVersionDate "2022.05.31"]
[SourceQuality "1"]

1. e4 c5 2. Nf3 Nc6 3. d4 cxd4 4. Nxd4 e5 5. Nb5 d6 6. N5c3 Nf6 7. Bg5 Be7 8. Nd2 Be6 9. Bb5 0-0 10. 0-0 a6 11. Bd3 Rc8 12. f4 h6 13. Bxf6 Bxf6 14. f5 Bd7 15. Nd5 Bg5 16. Nf3 Ne7 17. Nxg5 Nxd5 18. exd5 Qxg5 19. f6 Bg4 20. Qe1 gxf6 21. Qf2 Kg7 22. Kh1 Bh5 23. Qb6 Bg6 24. Qxd6 Rcd8 25. Qc5 Rc8 26. Qd6 Rfd8 0-1

[Event "Titled Tuesday intern op 22nd Feb Late"]
[Site "Chess.com INT"]
[Date "2022.02.22"]
[Round "9"]
[White "Levine, David M"]
[Black "Vine, Elzbieta"]
[Result "1-0"]
[WhiteElo "2068"]
[BlackElo "2138"]
[PlyCount "55"]
[EventDate "2022.02.22"]
[EventType "swiss (blitz)"]
[EventRounds "11"]
[EventCountry "USA"]
[SourceTitle "CBM 207 Extra"]
[Source "ChessBase"]
[SourceDate "2022.05.31"]
[SourceVersion "1"]
[SourceVersionDate "2022.05.31"]
[SourceQuality "1"]

1. d4 d5 2. c4 dxc4 3. Nf3 Nf6 4. e3 Be6 5. Na3 Nc6 6. Nxc4 Bd5 7. Bd3 e6 8. 0-0 Be7 9. a3 0-0 10. Qc2 Qd7 11. e4 Bxc4 12. Qxc4 Rfd8 13. e5 Nd5 14. Be3 Nxe3 15. fxe3 f6 16. exf6 Bxf6 17. Rad1 Ne7 18. b4 a5 19. b5 Qd6 20. Qb3 Nd5 21. Bb1 a4 22. Qc2 g6 23. Qd3 Be7 24. h4 Qxa3 25. e4 Ne3 26. Qe2 Nxd1 27. Rxd1 Qb3 28. h5 1-0

[Event "Titled Tuesday intern op 22nd Feb Early"]
[Site "Chess.com INT"]
[Date "2022.02.22"]
[Round "10"]
[White "Murthy, Pappu LN"]
[Black "Vine, Elzbieta"]
[Result "1-0"]
[WhiteElo "1901"]
[BlackElo "2138"]
[PlyCount "61"]
[EventDate "2022.02.22"]
[EventType "swiss (blitz)"]
[EventRounds "11"]
[EventCountry "USA"]
[SourceTitle "CBM 207 Extra"]
[Source "ChessBase"]
[SourceDate "2022.05.31"]
[SourceVersion "1"]
[SourceVersionDate "2022.05.31"]
[SourceQuality "1"]

1. c4 e5 2. Nc3 d6 3. g3 Nc6 4. Bg2 Nf6 5. e4 h5 6. h3 h4 7. g4 Nd4 8. d3 Be6 9. Nge2 Nxg4 10. hxg4 Bxg4 11. Qa4+ b5 12. Nxb5 Nxe2 13. Nxc7+ Ke7 14. Nxa8 h3 15. Qxa7+ Kf6 16. Bxh3 Bxh3 17. Nc7 Nf4 18. Bxf4 exf4 19. Nd5+ Kg6 20. Nxf4+ Kf6 21. Qd4+ Ke7 22. Rxh3 Rxh3 23. Nxh3 Qa5+ 24. Qc3 Qh5 25. Ng1 Qh1 26. 0-0-0 g6 27. Ne2 Qf3 28. Nd4 Qxf2 29. Nc6+ Kd7 30. Nb8+ Kc8 31. Qh8 1-0

[Event "Titled Tuesday intern op 22nd Feb Early"]
[Site "Chess.com INT"]
[Date "2022.02.22"]
[Round "7"]
[White "Pasti, Aron"]
[Black "Vine, Elzbieta"]
[Result "1-0"]
[WhiteElo "2396"]
[BlackElo "2138"]
[PlyCount "61"]
[EventDate "2022.02.22"]
[EventType "swiss (blitz)"]
[EventRounds "11"]
[EventCountry "USA"]
[SourceTitle "CBM 207 Extra"]
[Source "ChessBase"]
[SourceDate "2022.05.31"]
[SourceVersion "1"]
[SourceVersionDate "2022.05.31"]
[SourceQuality "1"]

1. e4 c5 2. Nf3 d6 3. d4 cxd4 4. Nxd4 a6 5. Nc3 Nf6 6. Be2 b5 7. Be3 b4 8. Nd5 Nxe4 9. Bf3 f5 10. Nxf5 Bxf5 11. Bb6 Qd7 12. Nc7+ Kf7 13. Nxa8 Qb5 14. Qd3 Qe5 15. 0-0 g6 16. Bd4 Qe6 17. Bxh8 Ng3 18. Bd5 Bxd3 19. Bxe6+ Kxe6 20. hxg3 Bxf1 21. Rxf1 Nc6 22. Nc7+ Kf7 23. Nd5 Kg8 24. Bf6 exf6 25. Nxf6+ Kg7 26. Nd5 Kf7 27. Re1 h5 28. f4 a5 29. Kf2 Bg7 30. b3 Bd4+ 31. Kf3 1-0

[Event "Titled Tuesday intern op 22nd Feb Late"]
[Site "Chess.com INT"]
[Date "2022.02.22"]
[Round "3"]
[White "Vine, Elzbieta"]
[Black "Romero Ruscalleda, Josep"]
[Result "0-1"]
[WhiteElo "2138"]
[BlackElo "2176"]
[PlyCount "56"]
[EventDate "2022.02.22"]
[EventType "swiss (blitz)"]
[EventRounds "11"]
[EventCountry "USA"]
[SourceTitle "CBM 207 Extra"]
[Source "ChessBase"]
[SourceDate "2022.05.31"]
[SourceVersion "1"]
[SourceVersionDate "2022.05.31"]
[SourceQuality "1"]

1. e4 g6 2. d4 Bg7 3. Nf3 d6 4. Nc3 a6 5. Be3 b5 6. Qd2 Nd7 7. Be2 Bb7 8. h4 h5 9. a3 Ngf6 10. e5 Ng4 11. exd6 cxd6 12. Bg5 Rc8 13. 0-0 0-0 14. Nh2 Nxh2 15. Kxh2 Nf6 16. f3 Qd7 17. Bh6 Qf5 18. Bxg7 Kxg7 19. Rae1 Nd5 20. Bd3 Qf6 21. Ne2 Qxh4+ 22. Kg1 Rfe8 23. b3 Nf6 24. g3 Qh3 25. Qg5 Nh7 26. Nf4 Nxg5 27. Nxh3 Nxh3+ 28. Kg2 Ng5 0-1

[Event "Titled Tuesday intern op 22nd Feb Late"]
[Site "Chess.com INT"]
[Date "2022.02.22"]
[Round "5"]
[White "Vine, Elzbieta"]
[Black "Stanisz, Patryk"]
[Result "0-1"]
[WhiteElo "2138"]
[BlackElo "2176"]
[PlyCount "90"]
[EventDate "2022.02.22"]
[EventType "swiss (blitz)"]
[EventRounds "11"]
[EventCountry "USA"]
[SourceTitle "CBM 207 Extra"]
[Source "ChessBase"]
[SourceDate "2022.05.31"]
[SourceVersion "1"]
[SourceVersionDate "2022.05.31"]
[SourceQuality "1"]

1. e4 c5 2. Nf3 Nc6 3. d4 cxd4 4. Nxd4 Nf6 5. Nc3 e5 6. Ndb5 d6 7. Bg5 a6 8. Na3 b5 9. Nd5 Qa5+ 10. c3 Nxe4 11. Be3 Rb8 12. Bd3 f5 13. Bxe4 fxe4 14. Qh5+ g6 15. Nf6+ Kf7 16. Qh4 Qd8 17. Qxe4 Qxf6 18. Qxc6 Bb7 19. Qc7+ Be7 20. 0-0 Rhc8 21. Qa5 Qh4 22. Nc2 Qe4 23. Ne1 Kg7 24. Ba7 Ra8 25. Qb6 Rc6 26. Qe3 Qxe3 27. Bxe3 Rf8 28. Rd1 Rcc8 29. Nd3 Be4 30. f3 Bb7 31. Nb4 Kf7 32. Nd5 Bxd5 33. Rxd5 Ke6 34. Rfd1 Rc6 35. Bh6 Rfc8 36. Kf1 Rc5 37. Rxc5 Rxc5 38. Ke2 Rc4 39. Be3 Rc6 40. Rd2 a5 41. Rd1 d5 42. Rd2 b4 43. cxb4 Bxb4 44. Rd1 Rc2+ 45. Bd2 Rxb2 0-1